World of Greyhawk Tile Select Quiz - Statistics

General Stats
  • This quiz has been taken 78 times
    77 since last reset
  • The average score is 31 of 45
Answer Stats
Question Tile Select % Correct
Countries that were never part of the Great Kingdom of Aerdy North Province No
93%
Cities of the Flanaess with 40,000+ citizens Greyhawk City Yes
91%
Countries that export "Foodstuffs" Bandit Kingdoms No
89%
Landlocked countries in the Flanaess Idee No
89%
Landlocked countries in the Flanaess Pomarj No
89%
Cities of the Flanaess with 40,000+ citizens Schwartzenbruin No
89%
Countries that were never part of the Great Kingdom of Aerdy Almor No
88%
Countries that export "Foodstuffs" Iuz No
88%
Landlocked countries in the Flanaess Ratik No
88%
Countries that were never part of the Great Kingdom of Aerdy Nyrond No
85%
Countries that export "Foodstuffs" Ull No
85%
Landlocked countries in the Flanaess Theocracy of the Pale Yes
84%
Landlocked countries in the Flanaess Grand Duchy of Geoff Yes
82%
Countries that export "Foodstuffs" Keoland Yes
81%
Rivers found in the Flanaess Styx No
81%
Countries that were never part of the Great Kingdom of Aerdy Furyondy No
80%
Countries that were never part of the Great Kingdom of Aerdy Celene Yes
78%
Countries that were never part of the Great Kingdom of Aerdy Ket Yes
78%
Countries that were never part of the Great Kingdom of Aerdy Scarlet Brotherhood Yes
78%
Countries that export "Foodstuffs" Nyrond Yes
76%
Countries that export "Foodstuffs" County of Urnst Yes
74%
Landlocked countries in the Flanaess Principality of Ulek No
73%
Countries that were never part of the Great Kingdom of Aerdy Stonefist Yes
73%
Countries that export "Foodstuffs" Yeomanry Yes
73%
Landlocked countries in the Flanaess Duchy of Tenh Yes
72%
Rivers found in the Flanaess Chionthar No
70%
Countries that export "Foodstuffs" Veluna Yes
70%
Cities of the Flanaess with 40,000+ citizens Rauxes Yes
69%
Cities of the Flanaess with 40,000+ citizens Ekbir No
68%
Countries that were never part of the Great Kingdom of Aerdy Sea Barons No
68%
Rivers found in the Flanaess Snake No
66%
Landlocked countries in the Flanaess Gran March Yes
62%
Cities of the Flanaess with 40,000+ citizens Rel Mord Yes
61%
Cities of the Flanaess with 40,000+ citizens Dyvers Yes
59%
Rivers found in the Flanaess Running No
58%
Landlocked countries in the Flanaess County of Ulek Yes
55%
Rivers found in the Flanaess Deepstil Yes
55%
Cities of the Flanaess with 40,000+ citizens Irongate Yes
47%
Rivers found in the Flanaess Zumker Yes
46%
Cities of the Flanaess with 40,000+ citizens Niole Dra No
45%
Rivers found in the Flanaess Realstream Yes
45%
Rivers found in the Flanaess Opicm Yes
41%
Rivers found in the Flanaess Mikar Yes
32%
Countries that export "Foodstuffs" Zeif Yes
32%
Cities of the Flanaess with 40,000+ citizens Zeif Yes
27%
No matching quizzes found
Score Distribution
Percent of People with Each Score
Percentile by Number Answered
Your Score History
You have not taken this quiz since the last reset